Το κράτος στην καπιταλιστική κοινωνία : ανάλυση του δυτικού συστήματος εξουσίας

Αποθηκεύτηκε σε:
Λεπτομέρειες βιβλιογραφικής εγγραφής
Κύριος συγγραφέας: Miliband, Ralph
Άλλοι συγγραφείς: Μπαλής, Νίκος (Μεταφραστής), Καφετζής, Τάκης (Επιμελητής έκδοσης)
Μορφή: Βιβλίο
Γλώσσα:Greek
English
Δημοσίευση: Αθήνα : Πολύτυπο, 1984.
Σειρά:Σύγχρονη πολιτική σκέψη
Θέματα:
Ετικέτες: Προσθήκη ετικέτας
Δεν υπάρχουν, Καταχωρήστε ετικέτα πρώτοι!

MARC

LEADER 00000cam a2200000 i 4500
001 1/68237
008 931125s1984 gr | ||| |||| ||gre||
035 |a ΛΕΣΒΟΣb10002036  |l 10002036 
040 |a GR-MY-UA  |b gre  |e aacr 
041 1 |a gre  |h eng 
082 7 |a 320.1   |2 (22) 
100 1 |a Miliband, Ralph. 
245 1 3 |a Το κράτος στην καπιταλιστική κοινωνία :   |b ανάλυση του δυτικού συστήματος εξουσίας /   |c Ραλφ Μίλλιμπαντ ; μετάφραση: Νίκου Μπαλή ; επιμέλεια: Τάκης Καφετζής.  
260 |a Αθήνα :   |b Πολύτυπο,   |c 1984.  
300 |a 350 σ. ;   |c 21 εκ.  
490 1 |a (Σύγχρονη πολιτική σκέψη) 
500 |a Μετάφραση του: The state in capitalist society 
650 0 0 |a Political science. 
650 0 0 |a State, The. 
650 0 0 |a Capitalism. 
650 0 0 |a Political parties. 
700 1 |a Μπαλής, Νίκος,  |e trl 
700 1 |a Καφετζής, Τάκης,  |e edt 
830 0 |a Σύγχρονη πολιτική σκέψη 
852 |a INST  |b LESVOS  |e 19931125  |h 320.1 MIL  |p 005100004547  |q 005100004547  |t BK  |y 0 
909 |a Λ  |b 032253 
970 |z 1993/11